[Event "GER-chT Lands U20"]
[Site "Hannover"]
[Date "2016.10.03"]
[Round "5.6"]
[White "Brunner, Jan"]
[Black "Tham, Nam"]
[Result "1-0"]
[WhiteElo "1910"]
[BlackElo "1605"]
[PlyCount "89"]
[EventDate "2016.10.01"]
[EventType "team-swiss"]
[EventRounds "7"]
[EventCountry "GER"]
[SourceTitle "CBM 174 Extra"]
[Source "ChessBase"]
[SourceDate "2016.10.10"]
[SourceVersion "1"]
[SourceVersionDate "2016.10.10"]
[SourceQuality "1"]
[WhiteTeam "Wuerttemberg"]
[BlackTeam "Berlin"]
[WhiteTeamCountry "GER"]
[BlackTeamCountry "GER"]

1. d4 Nf6 2. c4 e6 3. g3 Bb4+ 4. Bd2 Qe7 5. Bg2 0-0 6. a3 Bxd2+ 7. Nxd2 Nc6 8. Ngf3 d6 9. 0-0 Re8 10. Re1 a5 11. b3 e5 12. d5 Nb8 13. e4 h6 14. b4 Nbd7 15. Qc2 b6 16. Rec1 a4 17. Nb1 Rf8 18. Nh4 g6 19. Nc3 Nb8 20. Nxa4 Bd7 21. Nc3 c6 22. Rd1 c5 23. bxc5 bxc5 24. Rdb1 Bc8 25. Rb3 Ba6 26. Nd1 Nbd7 27. Rab1 Kg7 28. Ne3 Rfe8 29. Nef5+ gxf5 30. Nxf5+ Kf8 31. Qc1 Ng8 32. Nxe7 Kxe7 33. Bh3 Ngf6 34. Bf5 h5 35. Qg5 Rg8 36. Qh4 Ke8 37. Rc3 Rh8 38. g4 Rg8 39. g5 Kd8 40. Kh1 Ne8 41. g6+ f6 42. Bxd7 Kxd7 43. Qh3+ Kd8 44. Rcb3 Ng7 45. Rb8+ 1-0

[Event "GER-chT Lands U20"]
[Site "Hannover"]
[Date "2016.10.02"]
[Round "3.6"]
[White "Wu, Luka"]
[Black "Brunner, Jan"]
[Result "0-1"]
[WhiteElo "1758"]
[BlackElo "1910"]
[PlyCount "120"]
[EventDate "2016.10.01"]
[EventType "team-swiss"]
[EventRounds "7"]
[EventCountry "GER"]
[SourceTitle "CBM 174 Extra"]
[Source "ChessBase"]
[SourceDate "2016.10.10"]
[SourceVersion "1"]
[SourceVersionDate "2016.10.10"]
[SourceQuality "1"]
[WhiteTeam "Baden II"]
[BlackTeam "Wuerttemberg"]
[WhiteTeamCountry "GER"]
[BlackTeamCountry "GER"]

1. e4 c5 2. Nf3 Nc6 3. d4 cxd4 4. Nxd4 Nf6 5. Nc3 d6 6. Bc4 Qb6 7. Nb3 e6 8. Bf4 Ne5 9. Be2 Be7 10. 0-0 0-0 11. Be3 Qc7 12. Nd2 a6 13. a4 b6 14. f4 Ned7 15. Nc4 Bb7 16. e5 dxe5 17. fxe5 Nd5 18. Nxd5 Bxd5 19. b3 Bxc4 20. Bxc4 Nxe5 21. Bf4 Qc5+ 22. Kh1 Nxc4 23. bxc4 Rfd8 24. Qf3 Bf6 25. Rab1 Rac8 26. Qb7 Qxc4 27. Qxb6 Qxa4 28. Qb7 Qc6 29. Qa7 Rd7 30. Qe3 Qd5 31. Qe2 Qc4 32. Qf3 a5 33. h3 a4 34. Rfd1 Rd5 35. Rxd5 Qxd5 36. Qg3 h5 37. Rb4 Rc3 38. Qf2 Rxh3+ 39. Kg1 Qd1+ 40. Qf1 Rh1+ 41. Kxh1 Qxf1+ 42. Kh2 Qxf4+ 43. Rxf4 Be5 44. Kg3 a3 45. Kf3 Bxf4 46. Kxf4 a2 47. Ke4 a1Q 48. Kd3 Kf8 49. Ke4 Ke7 50. Kd3 Kd6 51. Ke4 Qc3 52. Kf4 Qxc2 53. Ke3 Qc4 54. Kd2 Qb3 55. Ke2 Ke5 56. Kf2 Kf4 57. Ke2 Qc2+ 58. Kf1 Kg3 59. Ke1 f6 60. Kf1 Qd1# 0-1

[Event "Barcelona Sants op-A18th"]
[Site "Barcelona"]
[Date "2016.08.20"]
[Round "2"]
[White "Tate, Alan"]
[Black "Brunner, Jan"]
[Result "1-0"]
[WhiteElo "2329"]
[BlackElo "1953"]
[PlyCount "81"]
[EventDate "2016.08.19"]
[EventType "swiss"]
[EventRounds "10"]
[EventCountry "ESP"]
[SourceTitle "CBM 174 Extra"]
[Source "ChessBase"]
[SourceDate "2016.10.10"]
[SourceVersion "1"]
[SourceVersionDate "2016.10.10"]
[SourceQuality "1"]

1. e4 c5 2. Nf3 Nc6 3. Bb5 g6 4. 0-0 Bg7 5. Nc3 a6 6. Bxc6 dxc6 7. h3 e5 8. d3 Qe7 9. Bg5 Nf6 10. Qd2 h6 11. Be3 Nd7 12. Nh2 b5 13. Ne2 Nf8 14. c3 Ne6 15. Rac1 Bb7 16. f4 exf4 17. Nxf4 0-0-0 18. Nxe6 Qxe6 19. Bxc5 Qxa2 20. Qf4 Rd7 21. Ba7 Kd8 22. Qb8+ Bc8 23. Bb6+ Ke7 24. Bc5+ Kd8 25. Ra1 Qe6 26. Bb6+ Ke7 27. Bc5+ Kd8 28. d4 Rb7 29. Qf4 Rd7 30. Qb8 Rb7 31. Qf4 Rd7 32. Ng4 h5 33. Nf2 Bh6 34. Qb8 Rb7 35. Qg3 Rd7 36. Qb8 Rb7 37. Qg3 Rd7 38. Nd3 h4 39. Qxh4+ Ke8 40. Qg3 Bg7 41. d5 1-0

[Event "Stuttgart-chB op"]
[Site "Ditzingen"]
[Date "2015.05.17"]
[Round "7"]
[White "Meusel, Rolf"]
[Black "Brunner, Jan"]
[Result "1-0"]
[WhiteElo "1884"]
[BlackElo "1773"]
[PlyCount "77"]
[EventDate "2015.05.17"]
[EventType "swiss"]
[EventRounds "7"]
[EventCountry "GER"]
[SourceTitle "EXT 2018"]
[Source "ChessBase"]
[SourceDate "2017.10.13"]
[SourceVersion "1"]
[SourceVersionDate "2017.10.13"]
[SourceQuality "1"]

1. e4 c5 2. Nf3 d6 3. d4 cxd4 4. Nxd4 Nf6 5. Nc3 a6 6. Be2 e6 7. Be3 Be7 8. 0-0 0-0 9. f4 Nc6 10. Bf3 Qc7 11. Nce2 Bd7 12. Rc1 Rac8 13. c4 Rfd8 14. Qd3 Be8 15. a3 Na5 16. Rc3 b6 17. Rfc1 Nd7 18. b4 Nb7 19. R3c2 Nf8 20. Qb3 Ng6 21. g3 Bd7 22. Kg2 Kh8 23. h4 Kg8 24. h5 Nf8 25. Rh1 a5 26. Rhc1 a4 27. Qd3 Re8 28. Nb5 Qd8 29. e5 Bxb5 30. cxb5 Rxc2 31. Qxc2 d5 32. Qc7 Qb8 33. Bxb6 Qa8 34. Nd4 Bd8 35. Qc6 Bxb6 36. Qxb6 Rc8 37. Rc7 Rxc7 38. Qxc7 h6 39. b6 1-0

[Event "Stuttgart-chB op"]
[Site "Ditzingen"]
[Date "2015.05.15"]
[Round "3"]
[White "Pibernik, Dario"]
[Black "Brunner, Jan"]
[Result "0-1"]
[WhiteElo "1525"]
[BlackElo "1773"]
[PlyCount "78"]
[EventDate "2015.05.17"]
[EventType "swiss"]
[EventRounds "7"]
[EventCountry "GER"]
[SourceTitle "EXT 2018"]
[Source "ChessBase"]
[SourceDate "2017.10.13"]
[SourceVersion "1"]
[SourceVersionDate "2017.10.13"]
[SourceQuality "1"]

1. e4 c5 2. Nf3 d6 3. d4 cxd4 4. Nxd4 Nf6 5. Nc3 a6 6. a4 e6 7. Bg5 Be7 8. Bd3 0-0 9. Qd2 Nc6 10. Nf3 Qc7 11. 0-0 b6 12. Rfe1 Bb7 13. Ne2 Ne5 14. Nxe5 dxe5 15. Ng3 Rfd8 16. Bxf6 Bxf6 17. Qe2 g6 18. Qg4 Bg7 19. h4 Rd4 20. Qh3 Qd7 21. b3 Rf8 22. Rad1 f5 23. exf5 exf5 24. h5 Bf6 25. hxg6 hxg6 26. Bc4+ Kg7 27. Rxd4 Qxd4 28. Ne2 Qd2 29. Qc3 Qg5 30. Qg3 Qh6 31. Rd1 Bc6 32. Bxa6 Rh8 33. Kf1 Qh1+ 34. Ng1 f4 35. Qg4 Rh4 36. Qc8 Qxg2+ 37. Ke2 f3+ 38. Kd2 Qg5+ 39. Kc3 e4+ 0-1